<?xml version="1.0" encoding="UTF-8"?>
<record
    xmlns:xsi="http://www.w3.org/2001/XMLSchema-instance"
    xsi:schemaLocation="http://www.loc.gov/MARC21/slim http://www.loc.gov/standards/marcxml/schema/MARC21slim.xsd"
    xmlns="http://www.loc.gov/MARC21/slim">

  <leader>03904nam a2200493 i 4500</leader>
  <controlfield tag="001">52418</controlfield>
  <controlfield tag="003">FINmELB</controlfield>
  <controlfield tag="005">20241216232406.0</controlfield>
  <controlfield tag="006">m     o  u        </controlfield>
  <controlfield tag="007">cr cn|||||||||</controlfield>
  <controlfield tag="008">211013s2009    ag a    ob    000 0 spa d</controlfield>
  <datafield tag="020" ind1=" " ind2=" ">
    <subfield code="z">9789871305476</subfield>
  </datafield>
  <datafield tag="035" ind1=" " ind2=" ">
    <subfield code="a">(OCoLC)1280137421</subfield>
  </datafield>
  <datafield tag="040" ind1=" " ind2=" ">
    <subfield code="a">FINmELB</subfield>
    <subfield code="b">spa</subfield>
    <subfield code="e">rda</subfield>
    <subfield code="c">FINmELB</subfield>
  </datafield>
  <datafield tag="050" ind1=" " ind2="4">
    <subfield code="a">Z678</subfield>
    <subfield code="b">.P568 2009</subfield>
  </datafield>
  <datafield tag="080" ind1=" " ind2=" ">
    <subfield code="a">027.022:37.011.22</subfield>
  </datafield>
  <datafield tag="082" ind1="0" ind2="4">
    <subfield code="a">027.4: 374.012</subfield>
    <subfield code="2">23</subfield>
  </datafield>
  <datafield tag="100" ind1="1" ind2=" ">
    <subfield code="a">Pinto, Mar&#xED;a,</subfield>
    <subfield code="e">autor.</subfield>
  </datafield>
  <datafield tag="245" ind1="1" ind2="0">
    <subfield code="a">Alfabetizaci&#xF3;n m&#xFA;ltiple desde la biblioteca p&#xFA;blica :</subfield>
    <subfield code="b">experiencias y propuestas /</subfield>
    <subfield code="c">Mar&#xED;a Pinto, Dora Sales, Pilar Mart&#xED;nez-Osorio y Enriqueta Planelles.</subfield>
  </datafield>
  <datafield tag="264" ind1=" " ind2="1">
    <subfield code="a">Ciudad Aut&#xF3;noma de Buenos Aires :</subfield>
    <subfield code="b">Alfagrama Ediciones,</subfield>
    <subfield code="c">2009.</subfield>
  </datafield>
  <datafield tag="300" ind1=" " ind2=" ">
    <subfield code="a">1 recurso en l&#xED;nea (224 p&#xE1;ginas) :</subfield>
    <subfield code="b">ilustraciones</subfield>
  </datafield>
  <datafield tag="336" ind1=" " ind2=" ">
    <subfield code="a">texto</subfield>
    <subfield code="b">txt</subfield>
    <subfield code="2">rdacontent/spa</subfield>
  </datafield>
  <datafield tag="337" ind1=" " ind2=" ">
    <subfield code="a">computadora</subfield>
    <subfield code="b">c</subfield>
    <subfield code="2">rdamedia/spa</subfield>
  </datafield>
  <datafield tag="338" ind1=" " ind2=" ">
    <subfield code="a">recurso en l&#xED;nea</subfield>
    <subfield code="b">cr</subfield>
    <subfield code="2">rdacarrier/spa</subfield>
  </datafield>
  <datafield tag="490" ind1="1" ind2=" ">
    <subfield code="a">Biblioteca Alfagrama</subfield>
  </datafield>
  <datafield tag="504" ind1=" " ind2=" ">
    <subfield code="a">Incluye referencias bibliogr&#xE1;ficas.</subfield>
  </datafield>
  <datafield tag="520" ind1=" " ind2=" ">
    <subfield code="a">En la actual sociedad de la informaci&#xF3;n, que se encamina hacia una verdadera sociedad del conocimiento para tod@s y en la que toda persona requiere una formaci&#xF3;n continua, las necesidades de alfabetizaci&#xF3;n para la ciudadan&#xED;a son m&#xFA;ltiples, desde dimensiones como la informacional-digital, hasta la audiovisual, la multimedia o la intercultural. El potencial de la biblioteca p&#xFA;blica como catalizadora de propuestas y experiencias y como foro abierto para la alfabetizaci&#xF3;n m&#xFA;ltiple es enorme. Este libro se propone abordar las diversas facetas de las nuevas necesidades de alfabetizaci&#xF3;n desde una perspectiva conceptual pero eminentemente aplicable y pr&#xE1;ctica. La sociedad de la informaci&#xF3;n, ligada a las redes y a las tecnolog&#xED;as digitales, necesita profesionales y escenarios que articulen la formaci&#xF3;n en el uso y en el acceso a la informaci&#xF3;n, considerada como un derecho fundamental y b&#xE1;sico de la ciudadan&#xED;a del siglo XXI. En este entorno se enmarca el papel de las multialfabetiza-ciones, relacionadas con el ciclo global de la informaci&#xF3;n y del conocimiento en todas sus formas y formatos, basado en la generaci&#xF3;n, gesti&#xF3;n, procesamiento, evaluaci&#xF3;n, recuperaci&#xF3;n y difusi&#xF3;n de la informaci&#xF3;n, con los contextos de trabajo centrados en el aprendizaje a lo largo de la vida, y con el liderazgo de la biblioteca p&#xFA;blica como marco de acci&#xF3;n (formativo e informativo) de la ciudadan&#xED;a. En este orden de cosas, este texto presenta las alfabetizaciones clave para el siglo XXI, en las que la biblioteca p&#xFA;blica puede y ha de convertirse en agente social de apoyo y dinamizaci&#xF3;n. Comenzamos con la alfabetizaci&#xF3;n b&#xE1;sica desarrollada por la biblioteca p&#xFA;blica, la lecto-escritora, para adentrarnos despu&#xE9;s en la alfabetizaci&#xF3;n informativo-digital, la alfabetizaci&#xF3;n multimedia, la alfabetizaci&#xF3;n intercultural y, finalmente, la alfabetizaci&#xF3;n m&#xFA;ltiple, que integra, desde una perspectiva de fusi&#xF3;n, aspectos de las alfabetizaciones anteriormente tratadas.</subfield>
  </datafield>
  <datafield tag="588" ind1=" " ind2=" ">
    <subfield code="a">Descripci&#xF3;n basada en metadatos suministrados por el editor y otras fuentes.</subfield>
  </datafield>
  <datafield tag="590" ind1=" " ind2=" ">
    <subfield code="a">Recurso electr&#xF3;nico. Santa Fe, Arg.: elibro, 2021. Disponible v&#xED;a World Wide Web. El acceso puede estar limitado para las bibliotecas afiliadas a elibro.</subfield>
  </datafield>
  <datafield tag="650" ind1=" " ind2="0">
    <subfield code="a">Literacy.</subfield>
  </datafield>
  <datafield tag="650" ind1=" " ind2="4">
    <subfield code="a">Bibliotecas p&#xFA;blicas.</subfield>
  </datafield>
  <datafield tag="650" ind1=" " ind2="4">
    <subfield code="a">Alfabetizaci&#xF3;n.</subfield>
  </datafield>
  <datafield tag="650" ind1=" " ind2="0">
    <subfield code="a">Public libraries.</subfield>
  </datafield>
  <datafield tag="655" ind1=" " ind2="4">
    <subfield code="a">Libros electr&#xF3;nicos.</subfield>
  </datafield>
  <datafield tag="700" ind1="1" ind2=" ">
    <subfield code="a">Mart&#xED;nez-Osorio, Pilar,</subfield>
    <subfield code="e">autor.</subfield>
  </datafield>
  <datafield tag="700" ind1="1" ind2=" ">
    <subfield code="a">Planelles, Enriqueta,</subfield>
    <subfield code="e">autor.</subfield>
  </datafield>
  <datafield tag="700" ind1="1" ind2=" ">
    <subfield code="a">Sales, Dora,</subfield>
    <subfield code="e">autor.</subfield>
  </datafield>
  <datafield tag="797" ind1="2" ind2=" ">
    <subfield code="a">elibro, Corp.</subfield>
  </datafield>
  <datafield tag="830" ind1=" " ind2="0">
    <subfield code="a">Biblioteca Alfagrama.</subfield>
  </datafield>
  <datafield tag="856" ind1="4" ind2="0">
    <subfield code="u">https://elibro.net/ereader/politecnicointernacional/188020</subfield>
  </datafield>
  <datafield tag="999" ind1=" " ind2=" ">
    <subfield code="c">52418</subfield>
    <subfield code="d">52418</subfield>
  </datafield>
</record>
